| 000 | 01335nam a2200265 i 4500 | ||
|---|---|---|---|
| 001 | 162845 | ||
| 003 | ES-MaACL | ||
| 005 | 20230906212621.0 | ||
| 008 | 931025s1799 sp axc |||| | spa d | ||
| 040 |
_aCAM _bspa _cPAB |
||
| 041 | 1 | _blat | |
| 100 | 1 |
_aQuintiliano, Marco Fabio. _9131529 |
|
| 245 | 1 | 0 |
_aInstituciones oratorias del célebre español M. Fabio Quintiliano / _ctraducidas al castellano y anotadas segun la edicion de Rollin... por el P*** de las Escuelas Pias... |
| 260 |
_aMadrid : _ben la imprenta de la Administracion del Real Arbitrio de Beneficencia : _bse hallará en la librería de Ranz..., _c1799. |
||
| 300 |
_a2 v. ([4], XVI, 419 p ; [4], 453, [3] p.) ; _c4º. |
||
| 530 | _aDisponible en formato digital. | ||
| 597 | _aSign.: [ ]², *²,*4, A-Z4, Aa-Zz4, Aaa-Fff4, Ggg² ; [ ]², A-Z4, Aa-Zz4, Aaa-Lll4. | ||
| 597 | _aAntep. | ||
| 599 | _aLa h. de grab. calc. : "J.L. Enguidanos lo dibuxó, V.L. Enguidanos lo grabó", retrato del autor. | ||
| 650 | 4 |
_aOratoria latina. _9136623 |
|
| 650 | 4 |
_aRetórica latina. _9136830 |
|
| 650 | 0 | 4 |
_aOratoria- _vObras anteriores a 1800. _915733 |
| 852 |
_aES-MaACL _jR-1180-81 _z-- Enc. pasta española _q-- Falto de la h. de grab. _x Olim: G-11109-10 |
||
| 856 |
_uhttp://bdh-rd.bne.es/viewer.vm?id=0000134504&page=1 _zBiblioteca Digital Hispánica |
||
| 999 |
_c162845 _d162845 |
||